| 000 | 00679nam a2200229Ia 4500 | ||
|---|---|---|---|
| 001 | 15848 | ||
| 003 | GE_BSU | ||
| 008 | 181216s||||||||xx |||||||||||||| ||und|| | ||
| 040 | _cGE_BSU | ||
| 080 | _a821.353.1-1 | ||
| 100 | _aხარაიშვილი, ავთანდილ | ||
| 245 | _aმაისის მიწა | ||
| 245 | _bლექსები | ||
| 245 | _cრედ.ნ.გოგოძე. მხ. შ. დოლიძე | ||
| 260 | _aთბილისი | ||
| 260 | _bნაკადული | ||
| 260 | _c1975 | ||
| 300 | _a44გვ. ; 17სმ | ||
| 653 | _aლექსები | ||
| 653 | _aმაისის მიწა | ||
| 942 | _cBK | ||
| 999 |
_c48945 _d48945 |
||